An Elephant in the Garden (Запис № 17964)
[ простий вигляд ]
| 000 -Маркер запису | |
|---|---|
| Контрольне поле сталої довжини | 02495nam a22002417a 4500 |
| 003 - Належність контрольного номера | |
| Контрольне поле | Uzh_bibl |
| 008 - Кодовані дані | |
| Контрольне поле сталої довжини | 260525b |||||||| |||| 00| 0 ukr d |
| 020 ## - Індекс ISBN | |
| ISBN | 978-0-00-733958-7 |
| Ціна | 100.00 |
| 040 ## - Джерело каталогіз. | |
| Код мови каталог. | укр. |
| 041 ## - Код мови видання | |
| Код мови оригіналу | англійська |
| Код мови тексту | англійська |
| 080 ## - Індекс УДК | |
| Індекс УДК | 821(410) |
| 090 ## - Шифри | |
| Поличний індекс | 821(410) |
| Авторський знак | М 83 |
| 100 ## - Автор | |
| Автор | Morpurgo, Michael |
| 245 ## - Назва | |
| Назва | An Elephant in the Garden |
| Фізичний носій | Text |
| Відповідальність | il.M.Foreman |
| 260 ## - Вихідні дані | |
| Місце видання | London |
| Видавництво | HarperCollins Children's Books |
| Дата видання | 2010 |
| 300 ## - Фізичний опис | |
| Обсяг | 232 s. |
| 520 ## - Анотація | |
| Анотація | It’s 1945, and the bombing of Dresden is imminent. Before the bombs start to fall, Lizzie’s zookeeper mother brings home the one animal she can’t bear to lose: Marlene, the elephant.<br/><br/>When Lizzie and her family join the thousands of other refugees fleeing the city, they end up with more than one unusual companion . . .Захопливий і зворушливий роман про надзвичайну тварину, що опинилася у дуже людській війні, для всіх, хто любив «Дивовижну історію Адольфуса» чи «Метелика-лева»! Автор — колишня лауреатка дитячої премії та авторка книги «Бойовий кінь». Дрезден, 1945. Мати Елізабет і Карлі працює в зоопарку, де її улюбленою твариною є молодий слон на ім'я Марлен. Тоді директор зоопарку каже їй, що небезпечних тварин — включно зі слонами — потрібно розстріляти до того, як місто підірветься. Не в змозі віддати Марлен, їхня мати переносить її в задній сад, щоб врятувати! І тоді починають падати бомби. Їхній дім зруйнований, і вся сім'я змушена тікати з розбомбленого міста через небезпечний, засніжений ландшафт, уникаючи російських військ, які наближаються все ближче. Це було б і так важко зробити без слона на руках! |
| 521 ## - Примітка про цільове призначення | |
| Примітка про цільове призначення | Для підлітків |
| 525 ## - Примітка про додаток | |
| Примітка про додаток | Для старшого шкільного віку |
| 546 ## - Примітка про мову | |
| Примітка про мову | укр. |
| 650 ## - Тематичні рубрики | |
| Основна рубрика | Літературно-художне видання |
| 942 ## - ADDED ENTRY ELEMENTS (KOHA) | |
| Джерело класифікації чи схема поличного розташування | |
| Koha item type | Книги |
| Статус вилучення | Статус втрати/відсутності | Джерело класифікації чи схема поличного розташування | Статус пошкодження | Тип обігу (не для випозичання) | Постійне розташування | Поточне розташування | Дата надходження | Джерело надходження (постачальник) | Інвентарний номер | Total Checkouts | Повний (примірниковий) шифр зберігання | Штрих-код | Date last seen | Дата, для якої чинна ціна заміни | Тип одиниці (рівень примірника) |
|---|---|---|---|---|---|---|---|---|---|---|---|---|---|---|---|
| Бібліотека-філія № 1 для дітей | Бібліотека-філія № 1 для дітей | 23/04/2026 | Подаровані | 80870 | 821(410) | 19437 | 26/05/2026 | 26/05/2026 | Книги |